000 00590nam a2200181 a 4500
005 20220520063732.0
008 991125s1993 mx 000 0 spa u
020 _a9684307918
035 _aUPN01000001412
049 _aLT
050 4 _aLB1641 M6.1
_bA42 LE
245 0 0 _aAlbum de historia :
_bláminas y mapas para actividades : 1er. curso /
_cdir. Fernando García Cortés.
260 _aMéxico :
_bSantillana,
_c1993.
300 _a1 lám., 22 mapas
650 4 _aHistoria
_xEstudio y enseñanza (Secundaria)
_95248
700 1 _aGarcía Cortés, Fernando,
_edir.
_932749
905 _aLibro
999 _c1412
_d1412